66 najbiedniejszych krajów świata według PKB per capita PSN. - Statystyki

Ogólne statystyki
  • Ten quiz został rozwiązany 508 razy
  • Średni wynik to 41 z 66
Statystyki odpowiedzi
Kontynent Państwo % Poprawnych
Afryka Demokratyczna Republika Konga
81%
Afryka Niger
81%
Afryka Sudan
80%
Afryka Kongo
77%
Afryka Sudan Południowy
76%
Afryka Etiopia
75%
Afryka Nigeria
75%
Azja Afganistan
73%
Afryka Czad
73%
Afryka Burundi
71%
Afryka Kenia
71%
Afryka Mali
71%
Afryka Gwinea
70%
Afryka Erytrea
69%
Azja Syria
69%
Azja Jemen
68%
Afryka Republika Środkowoafrykańśka
68%
Afryka Togo
68%
Afryka Mauretania
67%
Afryka Angola
66%
Afryka Rwanda
66%
Afryka Senegal
66%
Azja Tadżykistan
66%
Afryka Zambia
66%
Afryka Lesotho
65%
Afryka Madagaskar
65%
Azja Pakistan
65%
Afryka Ghana
64%
Ameryka Północna Haiti
64%
Afryka Uganda
64%
Europa Mołdawia
63%
Afryka Mozambik
63%
Afryka Tanzania
63%
Azja Uzbekistan
63%
Afryka Zimbabwe
63%
Azja Bangladesz
62%
Afryka Gambia
62%
Azja Kirgistan
62%
Afryka Gwinea Bissau
61%
Afryka Kamerun
61%
Afryka Liberia
61%
Afryka Wybrzeże Kości Słoniowej
61%
Afryka Dżibuti
59%
Azja Nepal
59%
Afryka Sierra Leone
59%
Afryka Benin
58%
Afryka Malawi
56%
Ameryka Południowa Boliwia
54%
Afryka Burkina Faso
54%
Azja Kambodża
54%
Oceania Mikronezja
54%
Oceania Tuvalu
54%
Oceania Vanuatu
54%
Ameryka Północna Nikaragua
53%
Oceania Papua Nowa Gwinea
53%
Azja Birma/Mjanma
52%
Oceania Kiribati
52%
Afryka Komory
51%
Afryka Republika Zielonego Przylądka
51%
Oceania Tonga
51%
Oceania Wyspy Marshalla
51%
Oceania Wyspy Salomona
51%
Ameryka północna Honduras
50%
Oceania Samoa
48%
Afryka Wyspy Świętego Tomasza i Książęca
47%
Azja Timor Wschodni
46%
Nie znaleziono quizów pasujących do podanych kryteriów
Rozkład punktacji
Procent ludzi z każdym wynikiem
Percentyl według liczby udzielonych odpowiedzi
Twoja historia wyników
Nie rozwiązałeś tego quizu